| 000 | 00551 a2200181 4500 | ||
|---|---|---|---|
| 999 |
_c4357 _d4357 |
||
| 010 | _aENG-86250 | ||
| 020 |
_a9788120332034 _c325.00 |
||
| 035 | _aEN-69783 | ||
| 037 | _bDBAD / PUB | ||
| 082 | 1 | 4 | _a658.5 |
| 100 | _aKhanna, R.B. | ||
| 245 | 1 |
_aProduction and operations management / _cby R.B. Khanna |
|
| 260 |
_aNew Delhi _bPrentice-Hall of India _c2007 |
||
| 270 |
_aM-97, Connaught Circus _bNew Delhi _cNew Delhi _e110 001 |
||
| 300 |
_axiv, 519p. _c24cm. (Pbk) |
||
| 500 | _aIncludes index | ||
| 942 |
_adpl _cEN _2ddc _h658.5 _mKHA |
||